01209nam a22003017a 4500003000400000005001700004008004100021040002200062082001800084100002500102245003000127260006000157300002100217366000800238490002700246505001200273505008500285505014800370505001200518650005500530650004700585650004800632650004300680650004500723650005600768650004700824700003600871OSt20230621091952.0221006b |||||||| |||| 00| 0 eng d cBiblioteca Lado V a709.05bG851a aGriffin, Timeeditor aArtforum/bInternacional/ aNew Yorkc1994bNew York editorial and business offices c26.5x27cma136p. espa aAbrilv1994x0864-1315 tLETTERS tCOLUMNSaAll Around Esthetes American Myths Gadget Love Books Real Life Rock tFEATURESgSean Sucks...No Act Out, Turn Off Act Out, Turn On Man Trouble James Rosenquist: F-111 Golden Memories Openings: Keith Mayerson tREVIEWS 2Tesauro de Arte & ArquitecturaaARTE COMTEMPORANEO 2Tesauro de Arte & ArquitecturaaFOTOGRAFIA 2Tesauro de Arte & ArquitecturaaARTE VISUAL 2Tesauro de Arte & ArquitecturaaLIBROS 2Tesauro de Arte & ArquitecturaaNOTICIAS 2 Tesauro de Arte & ArquitecturaaARTE INTERNACIONAL 2 Tesauro de Arte & ArquitecturaaESCULTURA aNavarreta, Jose Antonioeeditor